000 00393pab a2200157 454500
008 180718b2013 xxu||||| |||| 00| 0 eng d
100 _aValeur, Henrik
245 _aAlternatives to the automobile in the Indian city
260 _c2013
300 _ap.22-25.
362 _a23 Nov
650 _aMotor vehicles
773 _aEconomic and Political Weekly
908 _aN
909 _a103161
999 _c103157
_d103157